<?xml version="1.0" encoding="UTF-8"?><?xml-stylesheet type="text/xsl" href="static/style.xsl"?><OAI-PMH xmlns="http://www.openarchives.org/OAI/2.0/" xmlns:xsi="http://www.w3.org/2001/XMLSchema-instance" xsi:schemaLocation="http://www.openarchives.org/OAI/2.0/ http://www.openarchives.org/OAI/2.0/OAI-PMH.xsd"><responseDate>2026-06-07T19:59:32Z</responseDate><request verb="GetRecord" identifier="oai:docta.ucm.es:20.500.14352/109971" metadataPrefix="marc">https://docta.ucm.es/rest/oai/request</request><GetRecord><record><header><identifier>oai:docta.ucm.es:20.500.14352/109971</identifier><datestamp>2025-04-10T23:46:33Z</datestamp><setSpec>com_20.500.14352_14</setSpec><setSpec>col_20.500.14352_15</setSpec></header><metadata><record xmlns="http://www.loc.gov/MARC21/slim" xmlns:dcterms="http://purl.org/dc/terms/" xmlns:xsi="http://www.w3.org/2001/XMLSchema-instance" xmlns:doc="http://www.lyncode.com/xoai" xsi:schemaLocation="http://www.loc.gov/MARC21/slim http://www.loc.gov/standards/marcxml/schema/MARC21slim.xsd">
   <leader>00925njm 22002777a 4500</leader>
   <datafield ind2=" " ind1=" " tag="042">
      <subfield code="a">dc</subfield>
   </datafield>
   <datafield ind2=" " ind1=" " tag="720">
      <subfield code="a">Morillo Cerdán, Ángel</subfield>
      <subfield code="e">author</subfield>
   </datafield>
   <datafield ind2=" " ind1=" " tag="720">
      <subfield code="a">Adroher Auroux, Andrés</subfield>
      <subfield code="e">author</subfield>
   </datafield>
   <datafield ind2=" " ind1=" " tag="720">
      <subfield code="a">Martín Hernández, Esperanza</subfield>
      <subfield code="e">author</subfield>
   </datafield>
   <datafield ind2=" " ind1=" " tag="720">
      <subfield code="a">Dobson, Mike</subfield>
      <subfield code="e">author</subfield>
   </datafield>
   <datafield ind2=" " ind1=" " tag="260">
      <subfield code="c">2020</subfield>
   </datafield>
   <datafield ind2=" " ind1=" " tag="520">
      <subfield code="a">He first meeting of specialists from different fields relating to research on the Roman army in Hispania took place in Segovia in 1998 under the title “Roman Military Archaeology in Hispania”. Its aim was to gather within one forum different experts working in this field.1 The term “military archaeology” was provocative in the Spanish academic world of the late 1990s, as military studies were viewed with slight suspicion in some quarters, both by those researching indigenous contexts and by those who remained anchored in a classical concept of Romanisation which rather neglected the contribution of the army to the process of assimilating Hispania into the Roman world. In Anglo-Saxon scholarship other terms with more historiographic tradition (e.g., “Roman army studies” or “Roman frontier studies”) were preferred. The goal in choosing the title of the 1998 congress was to create debate around a topic on which research efforts were becoming increasingly focused. Despite its limitations,2 the term “military archaeology” since then has become for many Spanish scholars the methodological basis for material-based and topographic studies of the military world and of war in its widest sense. As archaeology in the Iberian peninsula becomes increasingly open to new methodologies and practices being adopted elsewhere (especially in the Anglo-Saxon world), similar terms such as “conflict archaeology” or “battlefield archaeology” are appearing, which all form part of the conceptual frame of reference of military archaeology. In the last 15-20 years, research in this field has increased exponentially in the Iberian peninsula, particularly in the north and northwest where the Roman army had a much longer-lasting presence. This has allowed scholars, for example, to begin interpreting episodes such as the Cantabrian Wars, practically unknown from an archaeological perspective until very recently. In the last few years, progress has extended to earlier periods, affecting other regions such as the peninsula‘s northeast, southeast and E coast, where military topics are starting to be differentiated into Republican and indigenous contexts. A new generation of congresses and their resulting proceedings have generated some of the most significant contributions. The Segovia congress of 1998, its follow-up at León in 2004,3 the Roman Frontier Congress held at León in 2006.</subfield>
   </datafield>
   <datafield ind1="8" ind2=" " tag="024">
      <subfield code="a">Morillo Cerdán, A., Adroher, Auroux, A., Dobson, M. y Martín Hernández, E. (2020): "Constructing the archaeology of the Roman conquest of Hispania: new evidence, perspectives and challenges”, Journal of Roman Archaeology, 33, 35-52</subfield>
   </datafield>
   <datafield ind1="8" ind2=" " tag="024">
      <subfield code="a">1047-7594</subfield>
   </datafield>
   <datafield ind1="8" ind2=" " tag="024">
      <subfield code="a">10.1017/S1047759420000902</subfield>
   </datafield>
   <datafield ind1="8" ind2=" " tag="024">
      <subfield code="a">https://hdl.handle.net/20.500.14352/109971</subfield>
   </datafield>
   <datafield ind1="8" ind2=" " tag="024">
      <subfield code="a">https://doi.org/10.1017/S1047759420000902</subfield>
   </datafield>
   <datafield ind2="0" ind1="0" tag="245">
      <subfield code="a">Constructing the archaeology of the Roman conquest of Hispania: new evidence, perspectives and challenges</subfield>
   </datafield>
</record></metadata></record></GetRecord></OAI-PMH>